Maid's Morton near Buckingham (Record no. 116610)

MARC details
000 -LEADER
fixed length control field 00765cam a22001935a 4500
001 - CONTROL NUMBER
control field L141122
008 - FIXED-LENGTH DATA ELEMENTS--GENERAL INFORMATION
fixed length control field 071029s1866 xxk eng u
035 ## - SYSTEM CONTROL NUMBER
System control number (Sirsi) u141122
110 2# - MAIN ENTRY--CORPORATE NAME
Corporate name or jurisdiction name as entry element Harrison and Son
9 (RLIN) 5425
245 00 - TITLE STATEMENT
Title Maid's Morton near Buckingham
Remainder of title highly desirable and most advantageously situated freehold and tithe free estate with homestead in the village, to be sold by auction by Messrs. Harrison and Son on Friday the 25th day of May, 1866...
260 ## - PUBLICATION, DISTRIBUTION, ETC.
Place of publication, distribution, etc. S.l.
Name of publisher, distributor, etc. s.n.
Date of publication, distribution, etc. [1866]
300 ## - PHYSICAL DESCRIPTION
Extent 1 sheet
Dimensions 43 x 35 cm.
340 ## - PHYSICAL MEDIUM
Material base and configuration Printed
351 ## - ORGANIZATION AND ARRANGEMENT OF MATERIALS
Hierarchical level Single item
500 ## - GENERAL NOTE
General note Item presented by C. L. Smith.
651 4# - SUBJECT ADDED ENTRY--GEOGRAPHIC NAME
Geographic name Buckinghamshire
690 ## - LOCAL SUBJECT ADDED ENTRY--TOPICAL TERM (OCLC, RLIN)
Topical term or geographic name as entry element PROPERTY-PROPERTY ACQUISITION AND DISPOSAL-ACQUISITION AND DISPOSAL AT AUCTION
942 ## - ADDED ENTRY ELEMENTS (KOHA)
Suppress in OPAC 0
Holdings
Withdrawn status Lost status Source of classification or shelving scheme Damaged status Not for loan Home library Current library Shelving location Date acquired Total Checkouts Full call number Barcode Date last seen Copy number Price effective from Koha item type
    Dewey Decimal Classification     London London Basement 29/10/2007   BASEMENT BOX 5 141122-1001 06/08/2019 1 06/08/2019 Archive